[Event "Gonzaga Masters 2020"]
[Site "Dublin IRL"]
[Date "2020.01.24"]
[Round "1.1"]
[White "Lupulescu, Constantin"]
[Black "Murray, David"]
[Result "1-0"]
[WhiteTitle "GM"]
[WhiteElo "2649"]
[BlackElo "2140"]
[BlackICU "2145"]
[BlackClub "Gonzaga"]
[WhiteNationality "ROU"]
[BlackNationality "IRL"]
[WhiteFideId "1207822"]
[BlackFideId "2501511"]
[PlyCount "109"]
[EventDate "2020.01.24"]
[Source "Live boards"]

{ Event information: <a
href="http://www.irlchess.com/gonzaga2020_allfiles/pairings_gonzaga2020.html">Tournament
report</a>. }

1. e4 c5 2. Nf3 e6 3. d4 cxd4 4. Nxd4 Nc6 5. Nc3 Qc7 6. Be3 a6 7. a3 b5 8.
Nxc6 Qxc6 9. Be2 Bb7 10. O-O Ne7 11. f4 Ng6 12. Qd2 Bc5 13. Bxc5 Qxc5+ 14.
Kh1 Qc7 15. Rad1 Bc6 16. f5 Ne5 17. Qg5 h6 18. Qxg7 O-O-O 19. fxe6 fxe6 20.
Qe7 h5 21. Qd6 Qxd6 22. Rxd6 Kc7 23. Rd4 Rh6 24. a4 Kb6 25. axb5 axb5 26.
Nxb5 Ng4 27. Nd6 Ra8 28. Nc4+ Kc7 29. Kg1 Rg8 30. Bxg4 hxg4 31. Ne5 Rg7 32.
Nxc6 Kxc6 33. g3 Rh5 34. Ra1 Rgh7 35. Rd2 Kb7 36. Ra4 Kc6 37. Rc4+ Kb6 38.
e5 Rg7 39. Re2 Kb5 40. b3 Kb6 41. Ree4 Rgh7 42. Rxg4 Rxh2 43. Rh4 R7xh4 44.
gxh4 Re2 45. h5 Rxe5 46. Rh4 Rg5+ 47. Kf2 Rc5 48. c4 Ka5 49. h6 Rc8 50. h7
Rh8 51. Ke3 Kb4 52. Kf4 Kxb3 53. Ke5 Kc3 54. c5 Kd3 55. Kd6 1-0

[Event "Gonzaga Masters 2020"]
[Site "Dublin IRL"]
[Date "2020.01.24"]
[Round "1.2"]
[White "Brewer, Callum"]
[Black "Meier, Georg"]
[Result "0-1"]
[BlackTitle "GM"]
[WhiteElo "2134"]
[BlackElo "2629"]
[WhiteNationality "ENG"]
[BlackNationality "GER"]
[WhiteFideId "435309"]
[BlackFideId "4675789"]
[PlyCount "96"]
[EventDate "2020.01.24"]
[Source "Live boards"]

{ Event information: <a
href="http://www.irlchess.com/gonzaga2020_allfiles/pairings_gonzaga2020.html">Tournament
report</a>. }

1. e4 c5 2. c3 Nf6 3. e5 Nd5 4. d4 cxd4 5. Nf3 Nc6 6. cxd4 d6 7. Bc4 dxe5
8. dxe5 Ndb4 9. Qb3 e6 10. O-O Na5 11. Qa4+ Bd7 12. Bb5 Bxb5 13. Qxb5+ Nac6
14. Qa4 a6 15. a3 b5 16. Qd1 Nd5 17. Bd2 Be7 18. Nc3 O-O 19. Nxd5 Qxd5 20.
Bc3 Rfd8 21. Qe2 Qd3 22. Qxd3 Rxd3 23. Rfd1 Rad8 24. Rxd3 Rxd3 25. Kf1 h5
26. Ke2 Rd5 27. Rd1 Rxd1 28. Kxd1 Kh7 29. Nd4 Nxd4 30. Bxd4 Kg6 31. Ke2 Kf5
32. g3 Ke4 33. Bc3 Bc5 34. f3+ Kd5 35. Kd3 Bg1 36. h3 g6 37. f4 Bh2 38. Be1
h4 39. g4 Bxf4 40. Bxh4 Kxe5 41. b3 f5 42. a4 bxa4 43. bxa4 Kd5 44. Bf2 e5
45. gxf5 gxf5 46. h4 Bh6 47. Bb6 f4 48. Ba7 f3 0-1

[Event "Gonzaga Masters 2020"]
[Site "Dublin IRL"]
[Date "2020.01.24"]
[Round "1.3"]
[White "Tiviakov, Sergei"]
[Black "Jackson, Carl"]
[Result "1-0"]
[WhiteTitle "GM"]
[WhiteElo "2608"]
[BlackElo "2074"]
[BlackICU "2056"]
[BlackClub "Gonzaga"]
[WhiteNationality "NED"]
[BlackNationality "IRL"]
[WhiteFideId "1008013"]
[BlackFideId "2502585"]
[PlyCount "39"]
[EventDate "2020.01.24"]
[Source "Live boards"]

{ Event information: <a
href="http://www.irlchess.com/gonzaga2020_allfiles/pairings_gonzaga2020.html">Tournament
report</a>. }

1. e4 Nc6 2. Nf3 f5 3. exf5 d5 4. d4 Bxf5 5. Bb5 e6 6. O-O Bg4 7. Nbd2 Qd6
8. Qe1 Bxf3 9. Nxf3 Be7 10. Ne5 Bf6 11. Bf4 Bxe5 12. Qxe5 O-O-O 13. Bxc6
bxc6 14. Qe3 Qd7 15. Rfe1 Rf8 16. Bg3 Rf6 17. Qa3 Kb8 18. Re3 Ne7 19. Rb3+
Ka8 20. Qb4 1-0

[Event "Gonzaga Masters 2020"]
[Site "Dublin IRL"]
[Date "2020.01.24"]
[Round "1.4"]
[White "Haque, Muhtarim-Ul"]
[Black "Saric, Ante"]
[Result "1-0"]
[BlackTitle "GM"]
[WhiteElo "2045"]
[BlackElo "2559"]
[WhiteICU "1981"]
[WhiteClub "Rathmines"]
[WhiteNationality "IRL"]
[BlackNationality "CRO"]
[WhiteFideId "2509415"]
[BlackFideId "14506254"]
[PlyCount "63"]
[EventDate "2020.01.24"]
[Source "Live boards"]
[BlackFullName "&Scaron;ari&#263;, Ante"]

{ Event information: <a
href="http://www.irlchess.com/gonzaga2020_allfiles/pairings_gonzaga2020.html">Tournament
report</a>. } { Reference: <a
href="https://www.youtube.com/watch?v=ZATM9TlGFeY&feature=youtu.be&fbclid=IwAR3n-eY7bjd1a_2l0mbMYefPYkLKCeS5Kv4HRtdugWtrRovZEOKcMoldIoI">Muhtarim
Defeats 2550+ Grandmaster in &agrave; la Kasparov attacking style | Gonzaga
Charity Classic 2020</a> (3m., 44s.), YouTube, January 27, 2020 (interview
with winner); <a
href="https://www.facebook.com/IrishChess/posts/2597977913782048">Post</a>
(news item plus puzzle), Irish Chess Union Facebook page, January 24, 2020.
}

1. d4 Nf6 2. c4 e6 3. Nc3 Bb4 4. e3 O-O 5. Nf3 d5 6. Bd2 b6 7. Be2 Bb7 8.
O-O dxc4 9. Bxc4 a6 10. Rc1 Nbd7 11. Qe2 b5 12. Bd3 c5 13. Bb1 cxd4 14.
exd4 Nb6 15. Rcd1 Rc8 16. Ne5 Nc4 17. Bg5 Be7 18. Rd3 g6 19. Re1 Nd6 20.
Rh3 Re8 21. Qd3 b4 22. Nxf7 $6 ({ Daring but not quite accurate. The best
move is } 22. Rxh7 $3 { e.g. } 22... Rxc3 ({ Black does not have time for }
22... bxc3 $2 23. Bxf6 Bxf6 24. Nxf7 $18) 23. Bxf6 Bxf6 24. bxc3 Bxe5 25.
dxe5 Kxh7 26. exd6 $14) 22... Nxf7 23. Rxh7 Ne4 $2 ({ The losing move.
Instead } 23... Be4 $1 $17 { gives Black the advantage. }) 24. Nxe4 $18
Bxg5 25. Nd6 $1 Nh8 26. Rxh8+ Kxh8 27. Nf7+ Kg7 28. Qxg6+ Kf8 29. Nxd8 Bxd8
30. Qh6+ Kf7 31. Qh7+ Kf8 32. Bg6 1-0

[Event "Gonzaga Masters 2020"]
[Site "Dublin IRL"]
[Date "2020.01.24"]
[Round "1.5"]
[White "Turner, Matthew"]
[Black "Manojlovic, Mihailo"]
[Result "1-0"]
[WhiteTitle "GM"]
[WhiteElo "2521"]
[BlackElo "2011"]
[BlackICU "2205"]
[WhiteNationality "SCO"]
[BlackNationality "IRL"]
[WhiteFideId "402893"]
[BlackFideId "2507633"]
[PlyCount "37"]
[EventDate "2020.01.24"]
[Source "Live boards"]

{ Event information: <a
href="http://www.irlchess.com/gonzaga2020_allfiles/pairings_gonzaga2020.html">Tournament
report</a>. } { Reference: <a
href="https://www.facebook.com/IrishChess/posts/2597970037116169">Post</a>
(puzzle), Irish Chess Union Facebook page, January 24, 2020. }

1. d4 Nf6 2. Nf3 g6 3. g3 Bg7 4. Bg2 O-O 5. c4 d6 6. O-O c6 7. Nc3 Bg4 8.
Ng5 e5 9. dxe5 dxe5 10. h3 Bc8 11. Be3 Qc7 12. Qc1 Nbd7 13. Rd1 Rd8 14. Qd2
Ne8 15. Nd5 Qb8 16. Ne7+ Kf8 17. Nxh7+ Kxe7 18. Bc5+ Ke6 19. Qd5+ $1 1-0

[Event "Gonzaga Masters 2020"]
[Site "Dublin IRL"]
[Date "2020.01.24"]
[Round "1.6"]
[White "Fox, Anthony"]
[Black "Korneev, Oleg"]
[Result "0-1"]
[BlackTitle "GM"]
[WhiteElo "2003"]
[BlackElo "2513"]
[WhiteICU "1957"]
[WhiteClub "Dun Laoghaire"]
[WhiteNationality "IRL"]
[BlackNationality "ESP"]
[WhiteFideId "2500736"]
[BlackFideId "4156803"]
[PlyCount "106"]
[EventDate "2020.01.24"]
[Source "Live boards"]

{ Event information: <a
href="http://www.irlchess.com/gonzaga2020_allfiles/pairings_gonzaga2020.html">Tournament
report</a>. }

1. e4 c5 2. Nc3 e6 3. g3 d5 4. exd5 exd5 5. d4 cxd4 6. Qxd4 Nf6 7. Bg5 Be7
8. Bb5+ Nc6 9. Bxf6 Bxf6 10. Qc5 Bxc3+ 11. bxc3 Qe7+ 12. Qxe7+ Kxe7 13.
O-O-O Be6 14. Ne2 Rhd8 15. Rhe1 Kf6 16. Nf4 g5 17. Nxe6 fxe6 18. f4 gxf4
19. gxf4 Ne7 20. Bd3 Rac8 21. Bxh7 Rh8 22. Bd3 Rxh2 23. Rd2 Rh4 24. Rde2
Rc6 25. c4 Rxf4 26. cxd5 Nxd5 27. Rh2 Nb4 28. Rh6+ Ke7 29. Rh7+ Rf7 30.
Rxf7+ Kxf7 31. Be4 Rc7 32. a3 Na6 33. Rh1 Kf6 34. Kd2 Nc5 35. Bd3 Ke5 36.
Rh5+ Kd6 37. Rh6 a6 38. Rg6 b5 39. Rh6 Rg7 40. Rh4 Rg1 41. Bh7 Rg3 42. Bd3
e5 43. Rh6+ Kd5 44. Bg6 Kd4 45. Rh4+ e4 46. c3+ Rxc3 47. Bxe4 Nxe4+ 48.
Rxe4+ Kxe4 49. Kxc3 a5 50. Kc2 Kd4 51. Kb2 a4 52. Kc2 Kc4 53. Kb2 Kd3 0-1

[Event "Gonzaga Masters 2020"]
[Site "Dublin IRL"]
[Date "2020.01.24"]
[Round "1.7"]
[White "Collins, Sam"]
[Black "AlMousa, Suleiman"]
[Result "1-0"]
[WhiteTitle "IM"]
[WhiteElo "2446"]
[BlackElo "1997"]
[WhiteICU "2421"]
[WhiteClub "Gonzaga"]
[WhiteNationality "IRL"]
[BlackNationality "JOR"]
[WhiteFideId "2501198"]
[BlackFideId "8103445"]
[PlyCount "83"]
[EventDate "2020.01.24"]
[Source "Live boards"]

{ Event information: <a
href="http://www.irlchess.com/gonzaga2020_allfiles/pairings_gonzaga2020.html">Tournament
report</a>. }

1. c4 c5 2. Nf3 Nf6 3. Nc3 e6 4. e3 Be7 5. d4 cxd4 6. exd4 d5 7. cxd5 Nxd5
8. Bd3 O-O 9. O-O Nc6 10. Re1 Nf6 11. a3 b6 12. Bc2 Ba6 13. b4 Bc4 14. b5
Na5 15. Ne5 Rc8 16. Re3 Bd6 17. Rh3 Bxe5 18. dxe5 Qxd1+ 19. Nxd1 Be2 20.
Ne3 Rfd8 21. f3 Nd5 22. Bxh7+ Kf8 23. Nxd5 Rxd5 24. Bf4 Rc3 25. Be4 Rxb5
26. Rh8+ Ke7 27. Bg5+ Kd7 28. Rh7 Nc4 29. Rxg7 Nxe5 30. Bf6 Ke8 31. Re1
Bxf3 32. gxf3 Nxf3+ 33. Kf2 Rxa3 34. Rg8+ Kd7 35. Rd8+ Kc7 36. Rc1+ Rc5 37.
Rxc5+ bxc5 38. Bxf3 c4 39. Rd4 Ra2+ 40. Be2 Kc6 41. Rxc4+ Kd5 42. Rd4+ 1-0

[Event "Gonzaga Masters 2020"]
[Site "Dublin IRL"]
[Date "2020.01.24"]
[Round "1.8"]
[White "Nolan, Conor"]
[Black "Greet, Andrew"]
[Result "0-1"]
[BlackTitle "IM"]
[WhiteElo "1922"]
[BlackElo "2425"]
[WhiteICU "1886"]
[WhiteClub "Gonzaga"]
[WhiteNationality "IRL"]
[BlackNationality "SCO"]
[WhiteFideId "2509466"]
[BlackFideId "405817"]
[PlyCount "54"]
[EventDate "2020.01.24"]
[Source "Live boards"]

{ Event information: <a
href="http://www.irlchess.com/gonzaga2020_allfiles/pairings_gonzaga2020.html">Tournament
report</a>. }

1. d4 d5 2. Nf3 Nf6 3. c4 e6 4. Nc3 Bb4 5. Qb3 c5 6. Bg5 Nc6 7. cxd5 Qxd5
8. Bxf6 Qxb3 9. axb3 gxf6 10. e3 cxd4 11. exd4 Ke7 12. Bc4 Rd8 13. Rd1 a6
14. O-O b5 15. Be2 Bb7 16. Rd3 Ba5 17. Rfd1 Nb4 18. R3d2 Rac8 19. Ra1 Bb6
20. Rad1 Rd7 21. Ne1 Nd5 22. Na2 Ba5 23. b4 Nxb4 24. Nxb4 Bxb4 25. Rd3 Bxe1
26. Rxe1 Rc2 27. Rh3 Rxd4 0-1

[Event "Gonzaga Masters 2020"]
[Site "Dublin IRL"]
[Date "2020.01.24"]
[Round "1.9"]
[White "Lalic, Bogdan"]
[Black "Casey, Eoghan"]
[Result "1-0"]
[WhiteTitle "GM"]
[WhiteElo "2402"]
[BlackElo "1974"]
[BlackICU "1875"]
[BlackClub "Gonzaga"]
[WhiteNationality "CRO"]
[BlackNationality "IRL"]
[WhiteFideId "409081"]
[BlackFideId "2502178"]
[PlyCount "57"]
[EventDate "2020.01.24"]
[Source "Live boards"]
[WhiteFullName "Lali&#263;, Bogdan"]

{ Event information: <a
href="http://www.irlchess.com/gonzaga2020_allfiles/pairings_gonzaga2020.html">Tournament
report</a>. }

1. d4 g6 2. c4 Bg7 3. e4 b6 4. Nc3 Bb7 5. Nf3 e6 6. Bd3 Ne7 7. O-O d5 8.
cxd5 exd5 9. e5 O-O 10. Re1 c5 11. Nb5 Bc6 12. Nd6 Nc8 13. Bg5 Qd7 14. Nxc8
Rxc8 15. Qd2 c4 16. Bc2 Na6 17. h3 Nc7 18. Nh2 Ne6 19. Bh6 Bxh6 $2 (19...
Qe7 20. Ng4 Qh4 $16) 20. Qxh6 $18 Nxd4 21. Ng4 Qxg4 22. hxg4 Nxc2 23. f4
Bd7 24. f5 gxf5 25. Qg5+ Kf8 26. gxf5 Nxe1 27. Rxe1 Rc6 28. e6 fxe6 29. f6
1-0

[Event "Gonzaga Masters 2020"]
[Site "Dublin IRL"]
[Date "2020.01.24"]
[Round "1.10"]
[White "Cafolla, Peter"]
[Black "Margolin, Boris"]
[Result "0-1"]
[BlackTitle "IM"]
[WhiteElo "1915"]
[BlackElo "2396"]
[WhiteICU "1967"]
[WhiteClub "Rathmines"]
[WhiteNationality "IRL"]
[BlackNationality "GER"]
[WhiteFideId "2500884"]
[BlackFideId "4646193"]
[PlyCount "114"]
[EventDate "2020.01.24"]
[Source "Live boards"]

{ Event information: <a
href="http://www.irlchess.com/gonzaga2020_allfiles/pairings_gonzaga2020.html">Tournament
report</a>. }

1. d4 Nf6 2. c4 d6 3. Nc3 c6 4. e4 Nbd7 5. f4 e5 6. fxe5 dxe5 7. d5 Bc5 8.
Be2 O-O 9. Qd3 Bd4 10. Nf3 Nc5 11. Qc2 Bxc3+ 12. Qxc3 Nfxe4 13. Qxe5 Qa5+
14. Kf1 Bd7 15. Bf4 Rfe8 16. Qh5 cxd5 17. a3 Nf6 18. Qh4 dxc4 19. Bd2 Qb6
20. Bc3 Nce4 21. Bd4 Qe6 22. Re1 b5 23. Bd1 Qf5 24. Kg1 Bc6 25. Bc2 a6 26.
h3 Rad8 27. Bb6 Rb8 28. Bd4 Re6 29. Ba7 Ra8 30. Nd4 g5 31. Nxf5 gxh4 32.
Bd4 Nh5 33. Kh2 Rd8 34. Rd1 Neg3 35. Bb6 Rde8 36. Rhg1 Re2 37. Nd4 Rf2 38.
Nxc6 Rxc2 39. Bd4 Nf4 40. Nb4 Rce2 41. Nxa6 Rc8 42. Nb4 Rce8 43. Bc3 Ne4
44. Bd4 h6 45. Rde1 Kh7 46. Rxe2 Nxe2 47. Rd1 Rd8 48. Re1 N4g3 49. Bf6 Rd2
50. Bxh4 Ne4 51. Rf1 Kg6 52. Nc6 f6 53. Ne7+ Kf7 54. Nf5 h5 55. Ne3 Ke6 56.
Nd1 f5 57. Be1 Rxd1 0-1

[Event "Gonzaga Masters 2020"]
[Site "Dublin IRL"]
[Date "2020.01.25"]
[Round "2.1"]
[White "Kanyamarala, Tarun"]
[Black "Lupulescu, Constantin"]
[Result "0-1"]
[WhiteTitle "FM"]
[BlackTitle "GM"]
[WhiteElo "2320"]
[BlackElo "2649"]
[WhiteICU "2220"]
[WhiteClub "Balbriggan"]
[WhiteNationality "IRL"]
[BlackNationality "ROU"]
[WhiteFideId "45004714"]
[BlackFideId "1207822"]
[PlyCount "101"]
[EventDate "2020.01.24"]
[Source "Live boards"]

{ Event information: <a
href="http://www.irlchess.com/gonzaga2020_allfiles/pairings_gonzaga2020.html">Tournament
report</a>. }

1. e4 c5 2. Nc3 d6 3. Nge2 Nc6 4. d4 cxd4 5. Nxd4 Nf6 6. Bc4 Qb6 7. Nb3 e6
8. Be3 Qc7 9. O-O a6 10. f4 b5 11. Bd3 Bb7 12. Qf3 Be7 13. a3 O-O 14. Qh3
Rfe8 15. Rae1 b4 16. Na4 Nd7 17. f5 e5 18. Qg4 Nf6 19. Qe2 d5 20. Nb6 dxe4
21. Nxa8 exd3 22. Nxc7 dxe2 23. Nxe8 exf1=R+ 24. Kxf1 Nxe8 25. Bc5 bxa3 26.
Bxe7 Nxe7 27. bxa3 f6 28. Nc5 Bc8 29. g4 h5 30. h3 g6 31. fxg6 hxg4 32.
hxg4 Nxg6 33. Rd1 Kf7 34. Rd8 Bxg4 35. Nxa6 Ke7 36. Rb8 Nd6 37. a4 e4 38.
Rb4 Ne5 39. Nc7 Nec4 40. Nd5+ Ke6 41. Nc3 f5 42. Nb5 Ne3+ 43. Kf2 Nxc2 44.
Nd4+ Nxd4 45. Rxd4 Ke5 46. Rb4 f4 47. a5 e3+ 48. Ke1 Bc8 49. Rb6 f3 50. a6
f2+ 51. Ke2 0-1

[Event "Gonzaga Masters 2020"]
[Site "Dublin IRL"]
[Date "2020.01.25"]
[Round "2.2"]
[White "Meier, Georg"]
[Black "O'Donnell, Conor"]
[Result "1-0"]
[WhiteTitle "GM"]
[BlackTitle "FM"]
[WhiteElo "2629"]
[BlackElo "2307"]
[BlackICU "2287"]
[BlackClub "Gonzaga"]
[WhiteNationality "GER"]
[BlackNationality "IRL"]
[WhiteFideId "4675789"]
[BlackFideId "2504243"]
[PlyCount "101"]
[EventDate "2020.01.24"]
[Source "Live boards"]

{ Event information: <a
href="http://www.irlchess.com/gonzaga2020_allfiles/pairings_gonzaga2020.html">Tournament
report</a>. }

1. Nf3 d5 2. g3 g6 3. d4 c6 4. Bg2 Bg7 5. O-O Nf6 6. b3 a5 7. c4 O-O 8. Nc3
Ne4 9. Bb2 Bf5 10. e3 Nd7 11. Qe2 Nxc3 12. Bxc3 Qb6 13. Rfc1 a4 14. b4 Be4
15. Bh3 Nf6 16. Nd2 Bf5 17. Bxf5 gxf5 18. Rab1 e6 19. b5 Rfc8 20. c5 Qa7
21. Bb4 cxb5 22. Qxb5 Qa6 23. Ba3 Rc7 24. Rb2 Nd7 25. Rcb1 Qxb5 26. Rxb5
Ra7 27. Bb4 Nb8 28. Ra5 Ra6 29. Nf3 Rd7 30. Rxa6 Nxa6 31. Ba5 e5 32. c6
bxc6 33. Rb6 Ra7 34. Rxc6 exd4 35. Rc8+ Bf8 36. Nxd4 Rb7 37. Nxf5 f6 38.
Bc3 Nb4 39. Ra8 Nxa2 40. Bxf6 Kf7 41. Bg7 Rb1+ 42. Kg2 Bxg7 43. Rxa4 Rb2
44. Ra7+ Kg6 45. Nxg7 Nc3 46. Ne8 Nd1 47. Rg7+ Kh6 48. Rf7 Nxe3+ 49. Kh3
Rb8 50. Rf6+ Kh5 51. Rf8 1-0

[Event "Gonzaga Masters 2020"]
[Site "Dublin IRL"]
[Date "2020.01.25"]
[Round "2.3"]
[White "Fitzsimons, David"]
[Black "Tiviakov, Sergei"]
[Result "1/2-1/2"]
[WhiteTitle "IM"]
[BlackTitle "GM"]
[WhiteElo "2317"]
[BlackElo "2608"]
[WhiteICU "2345"]
[WhiteClub "Elm Mount"]
[WhiteNationality "IRL"]
[BlackNationality "NED"]
[WhiteFideId "2501961"]
[BlackFideId "1008013"]
[PlyCount "52"]
[EventDate "2020.01.24"]
[Source "Live boards"]

{ Event information: <a
href="http://www.irlchess.com/gonzaga2020_allfiles/pairings_gonzaga2020.html">Tournament
report</a>. }

1. c4 e5 2. g3 Nf6 3. Bg2 c6 4. Nf3 e4 5. Nd4 d5 6. d3 Bc5 7. Nb3 Bb4+ 8.
Bd2 Bxd2+ 9. Qxd2 exd3 10. cxd5 Nxd5 11. Qxd3 Be6 12. Nc3 Nxc3 13. Qxc3
Bxb3 14. axb3 O-O 15. b4 Qb6 16. Qc5 Qxc5 17. bxc5 Nd7 18. Ra5 Rfe8 19. e3
a6 20. Ke2 Re5 21. b4 Rae8 22. Rd1 R5e7 23. Ra3 f5 24. Rd4 Nf6 25. Rad3 Kf7
26. Rd1 g6 1/2-1/2

[Event "Gonzaga Masters 2020"]
[Site "Dublin IRL"]
[Date "2020.01.25"]
[Round "2.4"]
[White "Li, Henry"]
[Black "Turner, Matthew"]
[Result "1-0"]
[WhiteTitle "FM"]
[BlackTitle "GM"]
[WhiteElo "2288"]
[BlackElo "2521"]
[WhiteICU "2276"]
[WhiteClub "Gonzaga"]
[WhiteNationality "IRL"]
[BlackNationality "SCO"]
[WhiteFideId "2508524"]
[BlackFideId "402893"]
[PlyCount "149"]
[EventDate "2020.01.24"]
[Source "Live boards"]

{ Event information: <a
href="http://www.irlchess.com/gonzaga2020_allfiles/pairings_gonzaga2020.html">Tournament
report</a>. }

1. e4 e5 2. Nf3 Nc6 3. d4 exd4 4. Nxd4 Bc5 5. Nxc6 Qf6 6. Qf3 dxc6 7. Nc3
Be6 8. Qg3 O-O-O 9. Be3 Bxe3 10. Qxe3 Qh6 11. f4 f5 12. Qxa7 Nf6 13. g3 g5
14. Qa8+ Kd7 15. O-O-O+ Ke7 16. Qxb7 Rxd1+ 17. Nxd1 Kd7 18. Qb4 gxf4 19.
Qd2+ Ke7 20. exf5 Bxf5 21. Bc4 Rd8 22. Re1+ Ne4 23. Qxf4 Qxf4+ 24. gxf4 Kf6
25. Ne3 Bc8 26. Be2 Nc5 27. Bf3 Ne6 28. f5 Nd4 29. Be4 Ba6 30. Ng4+ Kg7 31.
f6+ Kf7 32. Ne5+ Kxf6 33. Nxc6 Nxc6 34. Bxc6 Rd4 35. Be4 h5 36. h4 Bc8 37.
b3 c5 38. c3 Rd8 39. Rd1 Re8 40. Bf3 Be6 41. Rg1 Bf5 42. Bxh5 Re3 43. Kb2
Rh3 44. Rg2 Be4 45. Rf2+ Ke5 46. Bd1 Rxh4 47. Bc2 Bc6 48. Rf5+ Kd6 49. Rf6+
Kc7 50. Rf2 Rg4 51. a3 Rh4 52. b4 Kb6 53. Rf6 Rh2 54. Kb3 Kc7 55. Bd3 Rh5
56. Rf5 Rh3 57. Rxc5 Rxd3 58. b5 Kb6 59. bxc6 Kc7 60. a4 Rd1 61. Kb2 Rd2+
62. Kb3 Rd1 63. Rc4 Rd5 64. Kb4 Rd1 65. Rd4 Rc1 66. Rc4 Rh1 67. Kb5 Rh8 68.
a5 Rh5+ 69. Rc5 Rh1 70. Rg5 Rb1+ 71. Kc5 Ra1 72. Rg7+ Kc8 73. a6 Ra2 74. a7
Ra1 75. Kc4 1-0

[Event "Gonzaga Masters 2020"]
[Site "Dublin IRL"]
[Date "2020.01.25"]
[Round "2.5"]
[White "Korneev, Oleg"]
[Black "Delaney, Killian"]
[Result "1-0"]
[WhiteTitle "GM"]
[WhiteElo "2513"]
[BlackElo "2278"]
[BlackICU "2239"]
[BlackClub "Gonzaga"]
[WhiteNationality "ESP"]
[BlackNationality "IRL"]
[WhiteFideId "4156803"]
[BlackFideId "2501570"]
[PlyCount "69"]
[EventDate "2020.01.24"]
[Source "Live boards"]

{ Event information: <a
href="http://www.irlchess.com/gonzaga2020_allfiles/pairings_gonzaga2020.html">Tournament
report</a>. }

1. e4 c5 2. Nf3 e6 3. c3 Nf6 4. e5 Nd5 5. d4 cxd4 6. cxd4 d6 7. Bc4 Nc6 8.
O-O Be7 9. Bd2 O-O 10. Nc3 dxe5 11. dxe5 Nb6 12. Bb3 Na5 13. Bc2 Nac4 14.
Qe2 Nxd2 15. Nxd2 Qd4 16. Nf3 Qg4 17. Rad1 Bd7 18. Rxd7 Nxd7 19. Qd3 g6 20.
Qxd7 Qb4 21. Qd2 Qxb2 22. Rb1 Qa3 23. Rb3 Rfd8 24. Qh6 Bf8 25. Qf4 Qe7 26.
h4 Rac8 27. h5 b5 28. Ne1 Rc4 29. Ne4 Bg7 30. Rxb5 Qc7 31. hxg6 hxg6 32.
Nf6+ Kf8 33. Qf3 Rxc2 34. Nxc2 Qxc2 35. Qa3+ 1-0

[Event "Gonzaga Masters 2020"]
[Site "Dublin IRL"]
[Date "2020.01.25"]
[Round "2.6"]
[White "O'Gorman, Tom"]
[Black "Collins, Sam"]
[Result "1-0"]
[WhiteTitle "FM"]
[BlackTitle "IM"]
[WhiteElo "2245"]
[BlackElo "2446"]
[WhiteICU "2205"]
[BlackICU "2421"]
[WhiteClub "Dun Laoghaire"]
[BlackClub "Gonzaga"]
[WhiteNationality "IRL"]
[BlackNationality "IRL"]
[WhiteFideId "2508249"]
[BlackFideId "2501198"]
[PlyCount "109"]
[EventDate "2020.01.24"]
[Source "Live boards"]

{ Event information: <a
href="http://www.irlchess.com/gonzaga2020_allfiles/pairings_gonzaga2020.html">Tournament
report</a>. }

1. e4 e5 2. Nf3 Nc6 3. Bb5 a6 4. Ba4 d6 5. O-O Bd7 6. c3 g6 7. d4 Bg7 8. d5
Nce7 9. c4 b5 10. Bc2 f5 11. exf5 gxf5 12. Nc3 Nf6 13. a3 O-O 14. c5 h6 15.
c6 Be8 16. Nh4 Qc8 17. Qd3 Bf7 18. Rd1 e4 19. Qg3 Kh7 20. f3 Rg8 21. fxe4
Bh5 22. Be3 Nxe4 23. Nxe4 fxe4 24. Qf4 Qg4 25. Bxe4+ Kh8 26. Qxg4 Bxg4 27.
Rf1 Bxb2 28. Rab1 Bg7 29. Rf7 Bh5 30. Rxe7 Rge8 31. Re6 Bf7 32. Rf1 Bxe6
33. Ng6+ Kg8 34. dxe6 a5 35. Rb1 b4 36. axb4 a4 37. Bd5 a3 38. Ba2 d5 39.
Rd1 Kh7 40. Nf4 d4 41. Bc1 Ra6 42. b5 Ra5 43. Nd5 Be5 44. Re1 Rxe6 45. Bf4
d3 46. Rxe5 Rxe5 47. Bxe5 d2 48. Ne3 Rxb5 49. Bc3 Rb6 50. Kf2 Rxc6 51. Bxd2
h5 52. Nc4 Rf6+ 53. Kg3 Rg6+ 54. Kh3 Ra6 55. Bb4 1-0